Factors related to recidivism

Guardado en:  
Detalles Bibliográficos
Autores principales: Buikhuisen, Wouter 1933- (Autor) ; Hoekstra, H. A. (Autor)
Tipo de documento: Print Artículo
Lenguaje:Inglés
Publicado: 1974
En: The British journal of criminology
Año: 1974, Volumen: 14, Número: 1, Páginas: 63-69
Verificar disponibilidad: HBZ Gateway
Palabras clave:

MARC

LEADER 00000caa a2200000 c 4500
001 163938961X
003 DE-627
005 20220608124920.0
007 tu
008 140612s1974 xx ||||| 00| ||eng c
035 |a (DE-627)163938961X 
035 |a (DE-576)407890300 
035 |a (DE-599)BSZ407890300 
040 |a DE-627  |b ger  |c DE-627  |e rakwb 
041 |a eng 
100 1 |a Buikhuisen, Wouter  |d 1933-  |0 (DE-588)1041313535  |0 (DE-627)76686216X  |0 (DE-576)16047776X  |4 aut 
109 |a Buikhuisen, Wouter 1933-  |a Buikhuisen, W. 1933- 
245 1 0 |a Factors related to recidivism  |c W. Buikhuisen; H. A. Hoekstra 
264 1 |c 1974 
336 |a Text  |b txt  |2 rdacontent 
337 |a ohne Hilfsmittel zu benutzen  |b n  |2 rdamedia 
338 |a Band  |b nc  |2 rdacarrier 
700 1 |a Hoekstra, H. A.  |4 aut 
773 0 8 |i In  |t The British journal of criminology  |d Oxford : Univ. Press, 1960  |g 14(1974), 1, Seite 63-69  |w (DE-627)129851361  |w (DE-600)280389-6  |w (DE-576)015150712  |x 0007-0955  |7 nnas 
773 1 8 |g volume:14  |g year:1974  |g number:1  |g pages:63-69 
951 |a AR 
ELC |b 1 
LOK |0 000 xxxxxcx a22 zn 4500 
LOK |0 001 3299937790 
LOK |0 003 DE-627 
LOK |0 004 163938961X 
LOK |0 005 20250519153519 
LOK |0 008 140612||||||||||||||||ger||||||| 
LOK |0 040   |a DE-21-110  |c DE-627  |d DE-21-110 
LOK |0 689   |a s  |a Rückfallkriminalität 
LOK |0 852   |a DE-21-110 
LOK |0 852 1  |m p  |9 00 
LOK |0 935   |a k110 
LOK |0 938   |k p 
LOK |0 939   |a 12-06-14  |b l01 
ORI |a SA-MARC-krimdoka001.raw